000 00444nam a2200181Ia 4500
001 60102
008 160730n ii |||gr||||Z||||||807
020 _a81-8129-044-5
041 _a807
082 _a891.43109
100 _aDev,
_eInder.
245 0 _aRam Jahaz
_cDr. Inder Dev
_hTextual Documents
260 _aNew Delhi
_bNaman Prakashan
300 _a512p:
_c23cm.
653 _aHindi Literature
653 _aG - Hindi
942 _2ddc
_cBK
999 _c59976
_d59976